| 000 | 00753nam a2200241Ia 4500 | ||
|---|---|---|---|
| 003 | OSt | ||
| 005 | 20220926000852.0 | ||
| 006 | a|||||r|||| 00| 0 | ||
| 007 | ta | ||
| 008 | 220923b |||||||| |||| 00| 0 eng d | ||
| 037 | _cGeneral Book | ||
| 040 |
_aRTL _cRTL _beng |
||
| 041 |
_2eng _aeng |
||
| 082 | _aY15:4:6.2.N37<---N21, M1 | ||
| 100 |
_aSharma Radha Krishna _9303128 |
||
| 245 | 0 |
_aNationalism social reform and Indian women _b A stud |
|
| 260 |
_a New Delhi _bJanaki Prakashan _c1981 |
||
| 300 |
_axii,311p _ccm. |
||
| 500 | _aBibliography: p 287-300; Appendix: p 267-286 | ||
| 650 | _aWomen Sociology | ||
| 942 |
_hY15:4:6.2.N37<---N21, M1 _cGB _2CC |
||
| 999 |
_c599937 _d599937 |
||